| 000 | 01232cam a22003257a 4500 | ||
|---|---|---|---|
| 001 | 15580324 | ||
| 005 | 20240818092944.0 | ||
| 008 | 090109s2009 gw a b 001 0 eng d | ||
| 020 | _a9783642002663 | ||
| 082 |
_222 _a510 _bNAT |
||
| 245 | 0 | 0 |
_aNature-inspired Algorithms for Optimisation / _cRaymond Chiong, ed. |
| 260 |
_aBerlin : _bSpringer Verlag, _cc2009. |
||
| 300 |
_axvii, 514 p. : _bill. ; _c24 cm. |
||
| 490 | 1 |
_aStudies in computational intelligence ; _v193 |
|
| 504 | _aIncludes bibliographical references and index. | ||
| 650 | 0 |
_aEvolutionary computation. _931695 |
|
| 650 | 4 |
_aStochastische Optimierung _xMetaheuristik _xEvolutionarer Algorithmus _xMehrkriterielle Optimierung. _931696 |
|
| 650 | 0 | 7 |
_aEvolutionarer Algorithmus. _2swd _931697 |
| 650 | 0 | 7 |
_aMehrkriterielle Optimierung. _2swd _931698 |
| 650 | 0 | 7 |
_aMetaheuristik. _2swd _931699 |
| 650 | 0 | 7 |
_aStochastische Optimierung. _2swd _931700 |
| 653 |
_bEle _cDecember2012 |
||
| 650 | 0 |
_95401 _aSwarm intelligence |
|
| 650 | 0 |
_95780 _aComputational intelligence |
|
| 700 | 1 |
_aChiong, Raymond, _d1979- _931701 |
|
| 942 |
_2ddc _cBB _hRDA-MOD |
||
| 999 |
_c17138 _d17110 |
||
| 336 |
_2rdacontent _atext _btxt |
||
| 337 |
_aunmediated _2rdamedia _bn |
||
| 338 |
_avolume _bnc _2rdacarrier |
||